Giáo trình đánh giá nhân cách
Trình bày các vấn đề chung về đánh giá nhân cách; một số vấn đề về rối nhiễu nhân cách; nguồn thông tin và kĩ thuật đánh giá nhân cách; một số công cụ đánh giá nhân cách
Shranjeno v:
| Glavni avtor: | |
|---|---|
| Format: | Knjiga |
| Jezik: | Undetermined |
| Izdano: |
H.
Đại học Sư phạm
2015
|
| Teme: | |
| Online dostop: | http://lrc.tdmu.edu.vn/opac/search/detail.asp?aID=2&ID=25513 |
| Oznake: |
Označite
Brez oznak, prvi označite!
|
| Thư viện lưu trữ: | Trung tâm Học liệu Trường Đại học Thủ Dầu Một |
|---|
| LEADER | 00937nam a2200205Ia 4500 | ||
|---|---|---|---|
| 001 | TDMU_25513 | ||
| 008 | 210410s9999 xx 000 0 und d | ||
| 082 | |a 155.2 | ||
| 090 | |b NG527 | ||
| 100 | |a Nguyễn, Đức Sơn | ||
| 245 | 0 | |a Giáo trình đánh giá nhân cách | |
| 245 | 0 | |c Nguyễn Đức Sơn | |
| 260 | |a H. | ||
| 260 | |b Đại học Sư phạm | ||
| 260 | |c 2015 | ||
| 300 | |a 188tr. | ||
| 520 | |a Trình bày các vấn đề chung về đánh giá nhân cách; một số vấn đề về rối nhiễu nhân cách; nguồn thông tin và kĩ thuật đánh giá nhân cách; một số công cụ đánh giá nhân cách | ||
| 650 | |a Tâm lí cá nhân |x Đánh giá; Nhân cách |x Đánh giá | ||
| 856 | |u http://lrc.tdmu.edu.vn/opac/search/detail.asp?aID=2&ID=25513 | ||
| 980 | |a Trung tâm Học liệu Trường Đại học Thủ Dầu Một | ||